00663 a2200181 4500010001400000020001100014035001300025037001800038082000800056100001700064245014500081250001700226260004400243270012200287300002600409700002200435700002400457 aENG-85669 c150.00 aEN-69202 bD.B.Act / Pub14a6571 aReddy, P. N.1 aFundamentals of accountingbfor first semester, First year BBM, Banglore Universtycby P. N. Reddy, H. R. Appannaiah, and R. Srinivasa Putty a3rd rev. ed. aMumbaibHimalaya Publishing Housec2006 a"Ramdoot", Dr. Bhalerao Marg, GirgaonbMumbaie400 004k022-23860170, 022-23863863l022-23877178mhimpub@vsnl.net.in a551 p.c22 cm ( Pbk.)1 aAppannaiah, H. R.1 aSrinivasa Putty, R.